000 00809nam a2200229 a 4500
999 _c1702
_d1702
007 ta
008 200116t2005 xxuad||g |||| 001 0 eng d
020 _a9780875530475
_cRs. 1185.00
040 _aKO
_beng
041 0 _aeng
044 _axxu
082 0 4 _223
_a628.16
_bF8572
245 0 0 _aStandard Methods for the Examination of Water and Wastewater /
_cprepared and published jointly by American Public Health Association, American Water Works Association, Water Environment Federation ; edited by Mary Ann H. Franson
260 _aWashington :
_bAmerican Public Health Association,
_c2005.
300 _avarious pagination :
_bill., charts ;
_c29 cm
650 0 _aWater
_xAnalysis
650 0 _aSewage
_xAnalysis
700 _aFranson, Mary Ann H.
_eedt
904 _aA_BOSE
942 _cBK